000 00617nam a2200205 a 4500
001 17611
003 CO-ViMGA
008 141112s2004 ck r 000 u spa d
020 _a9586923010
040 _aCO-ViMGA
_bspa
_cCO-ViMGA
082 0 4 _aI 614.8 G651p
100 1 _aGomboli, Mario
_924955
245 1 0 _aPeligro . Cosas que debes saber para evitar los accidentes caseros
260 _aBogotá,
_cSan Pablo,
_c2002
300 _a30.p.
490 _aLos consejos del Lobo rojo
590 _aForma de adquisición : Premio - Mincultura
650 1 4 _aACCIDENTES DOMESTICOS - PREVENCION
_924956
942 _2ddc
_cBK
999 _c27104
_d27104